| 000 | 01139cam a2200253 i 4500 | ||
|---|---|---|---|
| 008 | |||
| 049 | _aMAIN | ||
| 090 | _aQR75 BAC | ||
| 110 | 2 | _aSociety for General Microbiology. | |
| 245 | 1 | 0 |
_aBacterial anatomy : _bsixth symposium of the Society for General Microbiology held at the Royal Institution, London, April 1956 / _c[edited by]E. T. C. Spooner and B. A. D. Stocker. |
| 260 |
_aCambridge : _bPublished for the Society for General Microbiology at the University Press, _c1956. |
||
| 300 |
_aviii, 360 p. : _bill. ; _c26 cm. |
||
| 490 | 1 |
_aSociety for General Microbiology. Symposium. Symposium of the Society for General Microbiology ; _v6. |
|
| 504 | _aIncludes bibliographical references. | ||
| 650 | 0 |
_aBacteria _xPhysiology _xCongresses. |
|
| 700 | 1 | _aSpooner, Edward Tenney Caswell. | |
| 700 | 1 | _aStockner, Bruce Arnold Dunbar. | |
| 810 | 2 |
_aSociety for General Microbiology. _bSymposium. _tSymposia of the Society for General Microbiology ; _v6. |
|
| 907 |
_a.b10228743 _b01-02-07 _c01-02-07 |
||
| 003 | |||
| 005 | 20230120203941.0 | ||
| 040 | _cNUST | ||
| 942 |
_cBOOKS _kQR75 BAC |
||
| 999 |
_c114446 _d114446 |
||